00739nam a22002057a 450000500170000001000150001702000270003203500140005903700130007308200150008610000170010124500600011826000450017827000560022330000360027950000410031594200290035699900190038595201290040420161128111622.0 aENG-116677 a9789350502877c1950.00 aEN-100209 bDBAD/PUB a305.800954 aPegu, Namita aTribal culture in ethnographic museum /cby Namita Pegu aDelhibB.R. Publishing Corporationc2016 a425,Nimri Colony,Ashok Vihar,Phase-VbDelhie110052 axv,292p. :c23cm(Hb)bill(maps) aIncludes bibliographical references  2ddccENh305.800954mPEG c104782d104782 001040708NFICaBL4bBL4d2016-11-28eDBAD/PUBg1950.00l0o305.800954 PEGpEN-100209r2016-11-28 00:00:00t1v1950.00yEN